00452nam a2200169 a 450000100060000000300090000600800410001502000140005604000280007008200170009810000250011524500510014026000430019130000080023465000170024265000230025913649CO-ViMGA141112s2004 ck r 000 u spa d a958648654 aCO-ViMGAbspacCO-ViMGA04a302.2 N4456p1 aNiño R., Victor M.10aLos procesos de la comunicacion y del lenguaje aSantafé de Bogotá : bEcoe, c1998 a36614aCOMUNICACION14aLENGUAJE Y LENGUAS